01612cam a22003614i 4500003000900000005001700009008004100026020001500067035002700082040003300109082001900142100004400161245017400205264005500379300003800434336002100472337002500493338002300518504004800541505051300589526001001102526001001112526001001122526001001132526000801142526000801150526000801158526000801166526000801174526000801182526000801190650005201198PE-LiUPU20250731173502.0150616s1992 miu rb 000 0 eng d a0801056764 a(Sirsi) i9780801056765 aPE-LiUPUbspacPE-LiUPUerda04a281.1bL642211 aLightfoot, John B.,d1818-1889,eautor.14aThe Apostolic Fathers :bGreek texts and English translations /ceditado y traducido por Michael W. Holmes ; después del rimer trabajo de J.B. Lightfoot y J.R. Harmer. 1aGrand Rapids, Michigan :bBaker Book House,c1992. a609 páginas ;c22 centímetros atext2rdacontent aunmediated2rdamedia avolume2rdacarrier aBibliografía al final de cada capáginas0 aThe epistles of clement of Rome -- The epistles of S. ignatius -- The epistle of S. polycarpáginas -The martyrdom of S. polycarpáginas -The didache, or teaching of the apostles -- The epistle of Barnabas -- The shepherd of hermas -- The epistle to diognetus -- Yhe fragments of papias -- The reliques of the elders preserved in irenaeus -- An ancient Christian sermon (2 Clement).- The letters of Ignatius, Bishop of Antioch.- The letter of Polycarp to the Philippians.- The martyrdom of Polycarpáginas aSEG42 aSEG41 aSEG40 aSEG39 aP94 aP87 aP86 aP85 aP77 aP76 aP3514aLiteratura cristiana tempranaxAutores griegos.